UM Logo

The penal system : (Record no. 7763)

MARC details
000 -LEADER
fixed length control field 01270nam a2200229 4500
008 - FIXED-LENGTH DATA ELEMENTS--GENERAL INFORMATION
fixed length control field 171116b xxu||||| |||| 00| 0 eng d
020 ## - INTERNATIONAL STANDARD BOOK NUMBER
International Standard Book Number 0-7619-5327-2
082 ## - DEWEY DECIMAL CLASSIFICATION NUMBER
Edition number 1997
Classification number DC 345.42
Item number C31p
100 ## - MAIN ENTRY--PERSONAL NAME
9 (RLIN) 23402
Personal name Cavadino, Michael., author.
245 ## - TITLE STATEMENT
Title The penal system :
Remainder of title an introduction /
Statement of responsibility, etc. Michael Cavadino and James Dignan.
250 ## - EDITION STATEMENT
Edition statement Second edition.
260 ## - PUBLICATION, DISTRIBUTION, ETC. (IMPRINT)
Place of publication, distribution, etc. Thousand Oaks, Calif. :
Name of publisher, distributor, etc. Sage,
Date of publication, distribution, etc. ©1997.
300 ## - PHYSICAL DESCRIPTION
Extent [vi], 346 pages :
Other physical details illustrations ;
Dimensions 24 cm.
500 ## - GENERAL NOTE
General note Includes bibliographical references and index.
505 ## - FORMATTED CONTENTS NOTE
Formatted contents note Crisis? What crisis? -- Justifying punishment -- Explaining punishment -- Court decisions: the crux of the crisis -- Prisons: expansion and explosion -- Prison privatization: panacea or Pandora̓s box? -- Early release: the penal system's safety valve -- Non-custodial penalties: towards decarceration or the punitive city? -- Young offenders: from system disaster to systems management? -- Bias in the criminal justice system -- Solving the crisis?
650 #0 - SUBJECT ADDED ENTRY--TOPICAL TERM
9 (RLIN) 23403
Topical term or geographic name as entry element Corrections
Geographic subdivision England
650 #0 - SUBJECT ADDED ENTRY--TOPICAL TERM
9 (RLIN) 23404
Topical term or geographic name as entry element Corrections
Geographic subdivision Wales
650 #0 - SUBJECT ADDED ENTRY--TOPICAL TERM
9 (RLIN) 23405
Topical term or geographic name as entry element Imprisonment
Geographic subdivision England
650 #0 - SUBJECT ADDED ENTRY--TOPICAL TERM
9 (RLIN) 23406
Topical term or geographic name as entry element Imprisonment
Geographic subdivision Wales
650 #0 - SUBJECT ADDED ENTRY--TOPICAL TERM
9 (RLIN) 23407
Topical term or geographic name as entry element Criminal justice, Administration of
Geographic subdivision Wales
942 ## - ADDED ENTRY ELEMENTS (KOHA)
Source of classification or shelving scheme Dewey Decimal Classification
Koha item type Circulation
Holdings
Withdrawn status Lost status Source of classification or shelving scheme Damaged status Not for loan Collection code Home library Current library Date acquired Source of acquisition Total Checkouts Full call number Barcode Date last seen Copy number Price effective from Koha item type
    Dewey Decimal Classification     Circulation UM Digos College - LIC UM Digos College - LIC 02/02/2000 Purchased   DC 345.42 C31p 1997 19717 06/08/2021 1 11/16/2017 Circulation